Đường cùng :nơi khởi đầu cho cuộc sống mới : Tiểu thuyết
Gardado en:
| Autor Principal: | |
|---|---|
| Formato: | Sách |
| Idioma: | Undetermined |
| Publicado: |
Lao động
2011
|
| Những chủ đề: | |
| Các nhãn: |
Engadir etiqueta
Sen Etiquetas, Sexa o primeiro en etiquetar este rexistro!
|
| Thư viện lưu trữ: | Trung tâm Thư viện - Trường Đại học Công nghiệp TP. Hồ Chí Minh |
|---|
| LEADER | 00552nam a2200157Ia 4500 | ||
|---|---|---|---|
| 001 | UIH_04977 | ||
| 008 | 231011s9999 xx 000 0 und d | ||
| 082 | |a 813 | ||
| 100 | |a Cohen, Alan | ||
| 245 | 0 | |a Đường cùng :nơi khởi đầu cho cuộc sống mới : Tiểu thuyết | |
| 245 | 0 | |c Cohen, Alan | |
| 260 | |b Lao động | ||
| 260 | |c 2011 | ||
| 650 | |a Văn học Mỹ; Tiểu thuyết Mỹ; | ||
| 927 | |a Sách | ||
| 980 | |a Trung tâm Thư viện - Trường Đại học Công nghiệp TP. Hồ Chí Minh | ||